[Event "GER-ch Net blitz qual3"]
[Site "Playchess.com INT"]
[Date "2021.05.07"]
[Round "11"]
[White "Kruglov, Yan"]
[Black "Kriminski, Christoph"]
[Result "0-1"]
[WhiteElo "1620"]
[BlackElo "1620"]
[PlyCount "30"]
[EventDate "2021.05.07"]
[EventType "swiss (blitz)"]
[EventRounds "11"]
[EventCountry "GER"]
[SourceTitle "CBM 202 Extra"]
[Source "ChessBase"]
[SourceDate "2021.07.31"]
[SourceVersion "1"]
[SourceVersionDate "2021.07.31"]
[SourceQuality "1"]

1. d4 Nf6 2. c4 Nc6 3. Nc3 e5 4. d5 Ne7 5. e4 Ng6 6. h3 Bb4 7. Bd3 0-0 8. Bd2 d6 9. a3 Bxc3 10. Bxc3 Bd7 11. Nf3 Nh5 12. Nxe5 Nhf4 13. Nxg6 fxg6 14. 0-0 Qg5 15. Bd2 Qxg2# 0-1